000
00312nam a22001337a 4500
020
_a
81-887326-00X
082
_a
158
_b
KRI/K
100
_a
KRISHNAMURTI
245
_a
ON EDUCATION
260
_a
INDIA
_b
KRISHNAMURTI FOUNDATION INDIA
300
_a
158
650
_a
PERSONALITY DEVELOPMENT BOOK
_z
INDIA
942
_c
BK
999
_c
5403
_d
5403